000 00910cam a2200217 4500
001 L129645
008 050506n2004 000 0 eng u
020 _a0863413749
035 _a(Sirsi) u129645
041 _aeng
050 _a621.31042
_c18
110 _aInstitution of Electrical Engineers
_92542
245 _aOn-site guide BS 7671: 2001 (2004)
_bWiring Regulations 16th edition including Amendments No 1: 2002 and No 2: 2004
260 _aLondon
_bIEE
_c2004
300 _a183p.
_c22cm.
350 _a17
520 _aThe guide is prepared by the Institution of Electrical Engineers to simplify some aspects of BS 7671: 2001 (2004) Requirements for Electrical Installations. It is a simple guide only and electricians should always consult BS 7671 to satisfy themselves of compliance.
650 _aBS 7671: 2001
690 _aBUILT ENVIRONMENT-ENGINEERING-ELECTRICAL ENGINEERING
942 _n0
999 _c104253
_d104253